| 000 | 00317nam a2200109Ia 4500 | ||
|---|---|---|---|
| 008 | 210430s9999 xx 000 0 und d | ||
| 082 | _a342 M2141C | ||
| 100 |
_aDr. Safdar Mahmood _954635 |
||
| 245 | 4 |
_aThe Constitution of Pakistan 1973 Comments and Comparison _cDr. Safdar Mahmood |
|
| 300 | _a260 | ||
| 942 |
_cBK _2ddc |
||
| 999 |
_c565272 _d565272 |
||